Happy old me : how to live long and really, really enjoy it

Bibliographic Details
Main Author: Davies, Hunter
Format: Book
Published: London : Simon and Schuster (UK) Ltd. , 2019
Subjects:

MARC

LEADER 00000cam a2200000 7i4500
001 0000280511
005 20210226110118.0
020 |a 9781471173639 
090 0 0 |a 828.91409   |b DAV 
100 1 |a Davies, Hunter 
245 1 0 |a Happy old me :   |b how to live long and really, really enjoy it   |c Hunter 
260 |a London :   |b Simon and Schuster (UK) Ltd. ,   |c 2019 
300 |a 291p. ;   |c 20cm. 
600 1 0 |a Davies, Hunter ,   |d 1936- 
650 0 |a Quality of life 
999 |a 00385581   |b BUKU   |c PINJAMAN   |e PERPUSTAKAAN KOMUNITI PETALING JAYA